Regularity theory for mean curvature flow

Saved in:
Bibliographic Details
Main Author: Ecker, Klaus
Format: Book
Language:English
Published: Boston : Birkhauser, c2004
Series:Progress in nonlinear differential equations and their applications ; ; 57
Subjects:
Tags: Add Tag
No Tags, Be the first to tag this record!

MARC

LEADER 00000nam a2200000 i 4500
001 1/81448
008 080410s2004 eng d
020 |a 0-8176-3243-3 
035 |l 10096464 
040 |a GR-MY-UA  |b gre  |e aacr 
041 0 |a eng 
082 0 |a 516.362  |2 (22) 
100 1 |a Ecker, Klaus. 
245 1 0 |a Regularity theory for mean curvature flow /  |c Klaus Ecker 
260 |a Boston :   |b Birkhauser,   |c c2004 
300 |a xi, 165 σ.;  |b εικ.;  |c 24 εκ. 
490 1 |a Progress in nonlinear differential equations and their applications  |v ; 57 
504 |a Περιέχει βιβλιογραφικές παραπομπές (σ. [153]-158) και ευρετήριο 
650 0 0 |a Global differential geometry. 
650 0 0 |a Differential equations, Parabolic. 
650 0 0 |a Flows (Differentiable dynamical systems) 
650 0 0 |a Curvature. 
830 0 |a Progress in nonlinear differential equations and their applications ;  |v ; 57 
852 |a INST  |b SAMOS  |e 20080410  |h 516.362 ECK  |p 005300026534  |q 005300026534  |t BK  |y 0 
901 |a BIBL3-2008-1 
909 |a Σ  |b 151354 
922 |a 3ΕΛΗ  |b 200803  |c ΕΠΕΑΕΚ2/ΤΜΗΜΑ ΜΑΘΗΜΑΤΙΚΩΝ  |d ΠΑΠΑΣΩΤΗΡΙΟΥ 
970 |a ΡΟΥΣΣΟΥ  |b ΚΩΝΣΤΑΝΤΙΝΑ  |z 2008/04/10